Nghiên cứu xây dựng quy trình công nghệ chiết tách axit hidroxycitric từ lá bứa khô bằng nước với quy mô 10 kg nguyên liệu/mẻ
Mục đích chính là nghiên cứu để tìm ra quy trình chiết tách axit hydroxycitric từ lá bứa khô với hiệu suất cao. Từ đó phân tích, lựa chọn thiết bị, tính toán thiết bị cho quá trình công nghệ thu nhận dịch chiết axit HCA từ lá bứa khô quy mô 10kg nguyên liệu/mẻ....
Gardado en:
| Autor Principal: | |
|---|---|
| Outros autores: | |
| Formato: | Libro |
| Publicado: |
Đà Nẵng
Đại học Đà Nẵng
2014
|
| Những chủ đề: | |
| Các nhãn: |
Engadir etiqueta
Sen Etiquetas, Sexa o primeiro en etiquetar este rexistro!
|
| Thư viện lưu trữ: | Mạng thư viện Đại học Đà Nẵng |
|---|
| LEADER | 01848nam a2200349 4500 | ||
|---|---|---|---|
| 001 | 000020104 | ||
| 003 | 16546 | ||
| 005 | 20150303080356.0 | ||
| 008 | 150121s2014 sd | ||
| 082 | 1 | 4 | |a 660.28424 |b NG-T |
| 100 | 1 | |a Nguyễn Thị Trọng | |
| 245 | 1 | |a Nghiên cứu xây dựng quy trình công nghệ chiết tách axit hidroxycitric từ lá bứa khô bằng nước với quy mô 10 kg nguyên liệu/mẻ |c Nguyễn Thị Trọng ; Đào Hùng Cường hướng dẫn. |k Luận văn Thạc sĩ | |
| 260 | |a Đà Nẵng |b Đại học Đà Nẵng |c 2014 | ||
| 300 | |a 80 tr., phụ lục 12 tr. |b Hình ảnh |c 29 cm. |e Tóm tắt | ||
| 500 | |a Luận văn thạc sĩ Khoa học. Chuyên ngành: Hóa hữu cơ. Mã số: 60.44. 27 | ||
| 520 | |a Mục đích chính là nghiên cứu để tìm ra quy trình chiết tách axit hydroxycitric từ lá bứa khô với hiệu suất cao. Từ đó phân tích, lựa chọn thiết bị, tính toán thiết bị cho quá trình công nghệ thu nhận dịch chiết axit HCA từ lá bứa khô quy mô 10kg nguyên liệu/mẻ. | ||
| 650 | 0 | 4 | |a Lá bứa khô |v Luận văn tốt nghiệp |x Chiết tách |x Axit hydroxycitric |
| 653 | |a Lá bứa khô | ||
| 653 | |a Axit hydroxy | ||
| 653 | |a Hóa hữu cơ | ||
| 653 | |a Chiết tách | ||
| 700 | 1 | |a Đào Hùng Cường |c GS.TS |e Hướng dẫn | |
| OWN | |a LSP | ||
| AVA | |a UDN50 |b LSP |d 660.28424 NG-T |e available |t Error 5001 Not defined in file expand_doc_bib_avail. |f 1 |g 0 |h N |i 0 |k 1 | ||
| 999 | |a From the UDN01 | ||
| AVA | |a UDN50 |b LSP |d 660.28424 NG-T |e available |t Error 5001 Not defined in file expand_doc_bib_avail. |f 1 |g 0 |h N |i 0 |k 1 | ||
| TYP | |a Monograph | ||
| TYP | |a Printed language | ||
| 980 | |a Mạng thư viện Đại học Đà Nẵng | ||